| 000 | 00863nam a2200277Ia 4500 | ||
|---|---|---|---|
| 003 | OSt | ||
| 005 | 20220927105307.0 | ||
| 006 | a|||||r|||| 00| 0 | ||
| 007 | ta | ||
| 008 | 220926b |||||||| |||| 00| 0 eng d | ||
| 024 | _a157904 | ||
| 037 | _cReference Collections | ||
| 040 |
_aRTL _cRTL _beng |
||
| 041 |
_2eng _aeng |
||
| 082 | _a"W:5:(X9(KZ322).2.P, P6" | ||
| 100 |
_aNAYAK Nalini _9371448 |
||
| 245 | 0 | _a"Coasts, the fish resources and fishworkers' movement" | |
| 260 |
_aNew _bDelhi National Human Rights Commission _c2006 |
||
| 300 |
_a95p _ccm. |
||
| 490 | _aNational Human Rights Commission | ||
| 500 | _aBibliography P 89-95 | ||
| 650 | _aSociology | ||
| 700 |
_a VIJAYAN A J _9371449 |
||
| 942 |
_h"W:5:(X9(KZ322).2.P, P6" _cCC |
||
| 999 |
_c691631 _d691631 |
||